| 000 | 03387cam a2200589Ii 4500 | ||
|---|---|---|---|
| 001 | 1147266340 | ||
| 003 | OCoLC | ||
| 005 | 20211108142653.0 | ||
| 008 | 200330s2020 nyua e 6 000 0 eng d | ||
| 020 |
_a9780063051331 _qpaperback |
||
| 020 |
_a0063051338 _qpaperback |
||
| 020 |
_a9780063055087 _qlibrary edition |
||
| 020 |
_a0063055082 _qlibrary edition |
||
| 035 |
_a(OCoLC)1147266340 _z(OCoLC)1243504135 _z(OCoLC)1246150846 _z(OCoLC)1247679349 |
||
| 040 |
_aYDX _beng _erda _cYDX _dOCLCQ _dIG$ _dOCLCF _dSAP _dGL4 _dKCC _dCLE _dNZAUC _dRB0 _dOCLCO _dYDXIT _dMLA _dOCLCO _dUAP _dCOV |
||
| 041 | 1 |
_aeng _hheb |
|
| 050 | 4 |
_aCB25 _b.H3713 2020 |
|
| 050 | 4 |
_aCB25 _b.H3713 2020 |
|
| 082 | 0 | 4 |
_a909 _223 |
| 092 |
_anonfiction _b909 Harari |
||
| 100 | 1 |
_aHarari, Yuval N., _eauthor, _ecreator. _95714397 |
|
| 240 | 1 | 0 |
_aḲitsur toldot ha-enoshut. _lEnglish |
| 245 | 1 | 0 |
_aSapiens : _ba graphic history. _nVolume one, _pThe birth of humankind / _ccreation and co-writing, Yuval Noah Harari ; adaptation and co-writing, David Vandermeulen ; adaptation and illustration, Daniel Casanave ; colors, Claire Champion ; master text translation, Adriana Hunter. |
| 246 | 3 | 0 | _aBirth of humankind. |
| 250 | _aFirst English language edition. | ||
| 250 | _aFirst U.S. edition. | ||
| 264 | 1 |
_aNew York : _bHarper Perennial, _c2020. |
|
| 300 |
_a245 pages : _bcolor illustrations ; _c28 cm. |
||
| 336 | _atext | ||
| 336 | _astill image | ||
| 337 | _aunmediated | ||
| 338 | _avolume | ||
| 500 | _aGraphic novel adaptation of Sapiens: a brief history of humankind by Yuval N. Harari. | ||
| 500 | _a"First published in Hebrew in 2011 by Kinneret, Zmora-Bitan, Dvir."--Title page verso. | ||
| 520 | _a"In this first volume of the full-color illustrated adaptation of his groundbreaking book, renowned historian Yuval Harari tells the story of humankind's creation and evolution, exploring the ways in which biology and history have defined us and enhanced our understanding of what it means to be 'human'. From examining the role evolving humans have played in the global ecosystem to charting the rise of empires, Sapiens challenges us to reconsider accepted beliefs, connect past developments with contemporary concerns, and view specific events within the context of larger ideas."--Publisher's description. | ||
| 546 | _aTranslated from the French (original work in Hebrew). | ||
| 650 | 0 |
_aCivilization _xHistory _vComic books, strips, etc. _96433119 |
|
| 650 | 0 |
_aHuman beings _xHistory _vComic books, strips, etc. _96433120 |
|
| 650 | 0 |
_aWorld history _vComic books, strips, etc. _96433121 |
|
| 650 | 0 |
_aChronology, Historical _vComic books, strips, etc. _96433122 |
|
| 650 | 0 |
_aTechnology and civilization _xHistory _vComic books, strips, etc. _96433123 |
|
| 655 | 7 |
_aComics (Graphic works) _2lcgft _95689343 |
|
| 655 | 7 |
_aGraphic novel adaptations. _2lcgft _95803233 |
|
| 655 | 7 |
_aHistorical comics. _2lcgft _95724239 |
|
| 655 | 7 |
_aNonfiction comics. _2lcgft _95724240 |
|
| 700 | 1 |
_aVandermeulen, David, _d1968- _eauthor, _eadapter. _96433124 |
|
| 700 | 1 |
_aCasanave, Daniel, _eillustrator, _eadapter. _96433125 |
|
| 700 | 1 |
_aChampion, Claire _c(Colorist), _ecolourist. _96433126 |
|
| 700 | 1 |
_aHunter, Adriana, _etranslator. _948027 |
|
| 700 | 1 |
_aHarari, Yuval N. _tḲitsur toldot ha-enoshut. _lEnglish. _96433127 |
|
| 942 |
_2ddc _cBOOK |
||
| 999 |
_c367368 _d367368 |
||